[Event "Montreal CC-ch"]
[Site "Montreal CAN"]
[Date "2016.06.10"]
[Round "1.3"]
[White "Ostaci, Liviu"]
[Black "Tremblay, Alain"]
[Result "1/2-1/2"]
[WhiteElo "1546"]
[BlackElo "2232"]
[PlyCount "118"]
[EventDate "2016.06.10"]
[EventType "swiss"]
[EventRounds "5"]
[EventCountry "CAN"]

1. Nf3 d6 2. d4 Nf6 3. c4 g6 4. Nc3 Bg7 5. e4 O-O 6. Be2 e5 7. dxe5 dxe5 8.
Qxd8 Rxd8 9. Bg5 Re8 10. Nd5 Nxd5 11. cxd5 c6 12. Bc4 cxd5 13. Bxd5 Nd7 14. Bb3
Nc5 15. Nd2 Nd3+ 16. Ke2 Nf4+ 17. Kf3 h6 18. Bxf4 exf4 19. Kxf4 Bxb2 20. Rad1
b5 21. Bd5 Rb8 22. Nb3 Bc3 23. Ke3 Bg4 24. f3 Be6 25. Bxe6 Rxe6 26. Kd3 Rc8 27.
Kc2 Rec6 28. Kb1 a5 29. Rd5 a4 30. Nc1 b4 31. Rhd1 Bf6 32. Rd6 Kg7 33. Rxc6
Rxc6 34. g3 g5 35. Rd3 Rc4 36. Rd5 Bc3 37. h3 Be1 38. Ne2 Bf2 39. Kb2 Be1 40.
Kb1 Bf2 41. Kb2 Kg6 42. Ra5 a3+ 43. Kb3 Rc6 44. Rd5 Be3 45. Rd3 Bc5 46. Rd5 Be3
47. Rd3 Bb6 48. Rd5 Bc5 49. Kc4 Be7+ 50. Kb3 h5 51. Rd7 Bf6 52. Rd5 Rc7 53. Rd6
Kg7 54. Rd5 h4 55. gxh4 gxh4 56. f4 Kf8 57. e5 Be7 58. Rd3 Kg7 59. f5 Bg5
1/2-1/2

[Event "Montreal CC-ch"]
[Site "Montreal CAN"]
[Date "2016.06.10"]
[Round "1.5"]
[White "Hebert, Mario"]
[Black "Lopez Linares, Lizandro"]
[Result "0-1"]
[WhiteElo "1487"]
[BlackElo "2151"]
[PlyCount "56"]
[EventDate "2016.06.10"]
[EventType "swiss"]
[EventRounds "5"]
[EventCountry "CAN"]

1. c4 c6 2. Nc3 d5 3. cxd5 cxd5 4. d4 Nf6 5. Nf3 Nc6 6. e3 a6 7. Bd3 Bg4 8. h3
Bh5 9. g4 Bg6 10. Ne5 e6 11. a3 Nxe5 12. dxe5 Nd7 13. f4 Qh4+ 14. Ke2 Nc5 15.
Bxg6 hxg6 16. Qe1 Qxe1+ 17. Kxe1 Nb3 18. Rb1 Rc8 19. Ke2 Bxa3 20. bxa3 Rxc3 21.
Bd2 Nxd2 22. Kxd2 Rc7 23. h4 Kd7 24. Rb2 b5 25. Kd3 Rc4 26. Rb4 Kc6 27. Rxc4+
dxc4+ 28. Kc3 Rd8 0-1

[Event "Montreal CC-ch"]
[Site "Montreal CAN"]
[Date "2016.06.10"]
[Round "1.6"]
[White "Boudreau, Daniel"]
[Black "Bergeron, Jean-Guy"]
[Result "1-0"]
[WhiteElo "2138"]
[BlackElo "1452"]
[PlyCount "35"]
[EventDate "2016.06.10"]
[EventType "swiss"]
[EventRounds "5"]
[EventCountry "CAN"]

1. e4 Nc6 2. Nc3 Nf6 3. f4 d5 4. e5 d4 5. exf6 dxc3 6. bxc3 gxf6 7. d4 Qd5 8.
Qf3 Qa5 9. d5 Nd4 10. Qd3 Nxc2+ 11. Qxc2 Qxd5 12. Nf3 Bg4 13. Be2 Qc5 14. Qa4+
Bd7 15. Qd4 Qf5 16. O-O O-O-O 17. Qxa7 c6 18. Be3 1-0

[Event "Montreal CC-ch"]
[Site "Montreal CAN"]
[Date "2016.06.10"]
[Round "1.8"]
[White "Cloutier, Mathieu"]
[Black "Bonneville-Roussy, Didier"]
[Result "1-0"]
[WhiteElo "2080"]
[BlackElo "1439"]
[PlyCount "51"]
[EventDate "2016.06.10"]
[EventType "swiss"]
[EventRounds "5"]
[EventCountry "CAN"]

1. e4 c5 2. Nf3 Nc6 3. d4 cxd4 4. Nxd4 e5 5. Nb5 d6 6. N1c3 a6 7. Na3 Nf6 8.
Bg5 Be7 9. Bxf6 Bxf6 10. Nc4 Nd4 11. Nd5 b5 12. Ncb6 Rb8 13. Nxc8 Rxc8 14. c3
Nc6 15. a4 Rb8 16. axb5 axb5 17. Ra6 Qc8 18. Bxb5 Rxb5 19. Qa4 Qb7 20. Qxb5
Qxb5 21. Nc7+ Kd7 22. Nxb5 Rb8 23. c4 Be7 24. O-O Nb4 25. Ra7+ Ke6 26. Nc7+ 1-0

[Event "Montreal CC-ch"]
[Site "Montreal CAN"]
[Date "2016.06.10"]
[Round "1.10"]
[White "Gauthier, Denis"]
[Black "Sonn, Eric"]
[Result "1-0"]
[WhiteElo "1982"]
[BlackElo "1433"]
[PlyCount "135"]
[EventDate "2016.06.10"]
[EventType "swiss"]
[EventRounds "5"]
[EventCountry "CAN"]

1. d4 Nf6 2. c4 g6 3. Nc3 Bg7 4. Nf3 O-O 5. Bf4 d6 6. h3 Na6 7. e3 c5 8. d5 Qb6
9. Qd2 Rd8 10. Be2 e6 11. O-O exd5 12. cxd5 Bf5 13. Rac1 Rac8 14. b3 Ne4 15.
Nxe4 Bxe4 16. Ng5 Bf5 17. e4 Bd7 18. Bc4 Nb8 19. Rfe1 Be8 20. e5 dxe5 21. Bxe5
Rd6 22. Bxd6 Qxd6 23. Ne4 Qd8 24. Qg5 Qxg5 25. Nxg5 b5 26. Bf1 Bh6 27. f4 a6
28. g3 Nd7 29. Ne4 Bf8 30. h4 h6 31. Bh3 f5 32. Nf2 Nb6 33. Bg2 c4 34. Re6 Bc5
35. Kf1 Rd8 36. bxc4 bxc4 37. Nd1 Kf7 38. Nc3 Bd4 39. Re2 a5 40. Bf3 a4 41. g4
fxg4 42. Bxg4 Bd7 43. Bxd7 Rxd7 44. Nb5 Bf6 45. d6 Bxh4 46. Rh2 g5 47. Rd1 Kg6
48. fxg5 Bxg5 49. Re2 Rf7+ 50. Kg2 Nd7 51. Re4 Nb6 52. Rf1 Rxf1 53. Kxf1 Kf5
54. Re8 Bf6 55. Rb8 Nd7 56. Rc8 Nb6 57. Rc6 Bd8 58. Rc5+ Ke6 59. Rh5 Bg5 60.
Rh3 Kd7 61. Nc3 Bc1 62. Ne4 a3 63. Rf3 Ke6 64. Ke2 Nd5 65. Rg3 Nb4 66. Rg6+ Kf7
67. d7 Ke7 68. Rg7+ 1-0

[Event "Montreal CC-ch"]
[Site "Montreal CAN"]
[Date "2016.06.10"]
[Round "1.17"]
[White "Tesar, Mathias"]
[Black "Morin, Louis"]
[Result "0-1"]
[WhiteElo "1341"]
[BlackElo "1872"]
[PlyCount "64"]
[EventDate "2016.06.10"]
[EventType "swiss"]
[EventRounds "5"]
[EventCountry "CAN"]

1. d4 e5 2. e3 exd4 3. exd4 Nf6 4. Bg5 Be7 5. Bd3 d5 6. Nf3 Be6 7. Nbd2 Nc6 8.
c3 Qd6 9. Bxf6 Bxf6 10. O-O O-O-O 11. b4 g5 12. b5 Ne7 13. c4 dxc4 14. Nxc4 Qd7
15. Nce5 Bxe5 16. Nxe5 Qxd4 17. Re1 Ng6 18. Re4 Qxe4 19. Nxg6 Qxg6 20. Bxg6
Rxd1+ 21. Rxd1 hxg6 22. a4 Bb3 23. Rd4 Rd8 24. Rxd8+ Kxd8 25. a5 b6 26. axb6
cxb6 27. Kf1 Bc4+ 28. Ke1 Bxb5 29. Kd2 a5 30. Kc3 Kc7 31. Kd4 Kd6 32. h3 Bf1
0-1

[Event "Montreal CC-ch"]
[Site "Montreal CAN"]
[Date "2016.06.10"]
[Round "1.28"]
[White "Millette, Sylvain"]
[Black "Bellevegue, Yvan"]
[Result "1-0"]
[WhiteElo "1699"]
[BlackElo "932"]
[PlyCount "45"]
[EventDate "2016.06.10"]
[EventType "swiss"]
[EventRounds "5"]
[EventCountry "CAN"]

1. e4 e5 2. Nc3 Bc5 3. Bc4 Nf6 4. d3 d6 5. f4 Bg4 6. Nf3 Nc6 7. f5 Nd4 8. h3
Bxf3 9. gxf3 Qd7 10. f4 O-O-O 11. Nd5 c6 12. Nxf6 gxf6 13. c3 d5 14. cxd4 Bxd4
15. Bb3 Rhg8 16. Qf3 Rg7 17. fxe5 Rdg8 18. exd5 Rg1+ 19. Rxg1 Rxg1+ 20. Ke2 Qe7
21. e6 Qc7 22. Bf4 Rxa1 23. Bxc7 1-0

[Event "Montreal CC-ch"]
[Site "Montreal CAN"]
[Date "2016.06.11"]
[Round "2.2"]
[White "Morin, Louis"]
[Black "Leveille, Francois"]
[Result "0-1"]
[WhiteElo "1872"]
[BlackElo "2351"]
[PlyCount "80"]
[EventDate "2016.06.10"]
[EventType "swiss"]
[EventRounds "5"]
[EventCountry "CAN"]

1. e4 c5 2. Nf3 d6 3. d4 cxd4 4. Nxd4 Nf6 5. Nc3 Nc6 6. Be2 g6 7. O-O Bg7 8.
Be3 O-O 9. Qd2 d5 10. exd5 Nb4 11. Rad1 Nbxd5 12. Nxd5 Qxd5 13. Nb3 Qxd2 14.
Bxd2 Bf5 15. Nd4 Be4 16. Bf3 Rfc8 17. c3 Bxf3 18. Nxf3 Nd5 19. Bc1 e6 20. Rfe1
b5 21. Ne5 a5 22. a3 Rab8 23. Nd3 Rc4 24. g3 Rbc8 25. Nf4 Nf6 26. f3 h5 27. Re5
b4 28. Rxa5 bxc3 29. b4 c2 30. Rd3 Bh6 31. Ne2 Bxc1 32. Nxc1 Nd5 33. Kf2 Kg7
34. Ke1 h4 35. b5 hxg3 36. hxg3 Rh8 37. Kf2 Rh1 38. Nb3 Rb1 39. b6 Rxb3 40.
Rxb3 c1=Q 0-1

[Event "Montreal CC-ch"]
[Site "Montreal CAN"]
[Date "2016.06.11"]
[Round "2.4"]
[White "Robidoux, Julien"]
[Black "Boudreau, Daniel"]
[Result "1/2-1/2"]
[WhiteElo "1754"]
[BlackElo "2138"]
[PlyCount "56"]
[EventDate "2016.06.10"]
[EventType "swiss"]
[EventRounds "5"]
[EventCountry "CAN"]

1. e4 d5 2. exd5 Qxd5 3. Nf3 Nf6 4. d4 c6 5. Be2 Bf5 6. O-O e6 7. Bf4 Be7 8.
Nbd2 h6 9. Re1 O-O 10. c4 Qd8 11. Qb3 Qb6 12. Ne5 Qxb3 13. axb3 Rd8 14. Ndf3
Na6 15. Nxc6 bxc6 16. Rxa6 c5 17. Ne5 Be4 18. d5 exd5 19. f3 Bc2 20. Nc6 Rd7
21. Nxe7+ Rxe7 22. cxd5 Bd3 23. Bxd3 Rxe1+ 24. Kf2 Rd1 25. Ke2 Rg1 26. Kf2 Rd1
27. Ke2 Rg1 28. Kf2 Rd1 1/2-1/2

[Event "Montreal CC-ch"]
[Site "Montreal CAN"]
[Date "2016.06.11"]
[Round "2.5"]
[White "Lessard, Sylvain"]
[Black "Cloutier, Mathieu"]
[Result "1/2-1/2"]
[WhiteElo "1733"]
[BlackElo "2080"]
[PlyCount "88"]
[EventDate "2016.06.10"]
[EventType "swiss"]
[EventRounds "5"]
[EventCountry "CAN"]

1. c4 Nf6 2. Nc3 d5 3. cxd5 Nxd5 4. g3 e5 5. Bg2 Be6 6. Nf3 Nc6 7. d3 Be7 8.
O-O O-O 9. a3 Nb6 10. b4 f6 11. Be3 Nd5 12. Nxd5 Bxd5 13. Qd2 a6 14. Rfc1 Qd7
15. Bc5 Kh8 16. Rab1 Rfe8 17. h4 Rab8 18. Kh2 Bd8 19. Bh3 Qf7 20. Bg2 b6 21.
Be3 Ne7 22. Rc3 Bb7 23. Rc2 Nf5 24. a4 Qg6 25. a5 e4 26. Nd4 Nxd4 27. Bxd4 exd3
28. Qxd3 Qxd3 29. exd3 Bxg2 30. Kxg2 bxa5 31. Ra1 axb4 32. Rxa6 b3 33. Rb2 Be7
34. Kf3 Red8 35. Ke3 Kg8 36. Ra7 Rb4 37. Bc3 Bc5+ 38. Ke2 Rbd4 39. Rxc7 Re8+
40. Kd2 Bb4 41. Rxb3 Bxc3+ 42. Kxc3 Red8 43. Kc2 R4d7 44. Rbb7 Rxd3 1/2-1/2

[Event "Montreal CC-ch"]
[Site "Montreal CAN"]
[Date "2016.06.11"]
[Round "2.6"]
[White "Jacquet, Stephane"]
[Black "Baran, Marius"]
[Result "1-0"]
[WhiteElo "2054"]
[BlackElo "1772"]
[PlyCount "67"]
[EventDate "2016.06.10"]
[EventType "swiss"]
[EventRounds "5"]
[EventCountry "CAN"]

1. d4 d5 2. c4 e6 3. Nc3 Nf6 4. cxd5 exd5 5. Bg5 Be7 6. Qc2 g6 7. e3 Bf5 8. Bd3
Bxd3 9. Qxd3 c6 10. Bh6 Bf8 11. Bf4 Bg7 12. Nf3 Nh5 13. O-O O-O 14. Be5 Nd7 15.
Bxg7 Nxg7 16. b4 a6 17. Na4 b5 18. Nc5 Nxc5 19. dxc5 Qe7 20. Nd4 Rfc8 21. a4
Ne6 22. Nxc6 Rxc6 23. axb5 Rcc8 24. Rxa6 Rab8 25. b6 Nxc5 26. bxc5 Qxc5 27. Rb1
Rb7 28. g3 Rc6 29. Qb3 Qc4 30. Qb5 h5 31. h4 Qc5 32. Qxc5 Rxc5 33. Ra7 Rb8 34.
b7 1-0

[Event "Montreal CC-ch"]
[Site "Montreal CAN"]
[Date "2016.06.11"]
[Round "2.7"]
[White "Martel, Paul"]
[Black "Gauthier, Denis"]
[Result "0-1"]
[WhiteElo "1715"]
[BlackElo "1982"]
[PlyCount "122"]
[EventDate "2016.06.10"]
[EventType "swiss"]
[EventRounds "5"]
[EventCountry "CAN"]

1. e4 c5 2. Nc3 Nc6 3. g3 g6 4. Bg2 Bg7 5. d3 e6 6. Be3 d6 7. Qd2 Rb8 8. Nge2
Nd4 9. Nd1 Nxe2 10. Qxe2 Ne7 11. O-O Nc6 12. c3 O-O 13. f4 Qe7 14. Nf2 Bd7 15.
Rad1 Rbc8 16. a3 b6 17. d4 cxd4 18. cxd4 Na5 19. e5 d5 20. Rc1 Nc4 21. Bd2 a5
22. Bc3 Bb5 23. Nd3 Rfd8 24. Rfe1 Qd7 25. Bf1 Rc7 26. Qd1 Rdc8 27. Nf2 Bf8 28.
Ng4 Bg7 29. Bxc4 Rxc4 30. Ne3 R4c7 31. Qd2 h5 32. b4 a4 33. Bb2 Bc4 34. h3 Qb5
35. Rc3 Bb3 36. Rxc7 Rxc7 37. Rc1 Rxc1+ 38. Bxc1 Qc6 39. Bb2 b5 40. Qc1 Bc4 41.
Kf2 Qd7 42. g4 f6 43. h4 fxe5 44. fxe5 Qf7+ 45. Kg3 Be2 46. Qg1 Qf3+ 47. Kh2
hxg4 48. Qg3 Qe4 49. Ng2 Bh6 50. Qc3 Bc4 51. Qe1 Qf3 52. Qg3 Qe4 53. Qf2 Qf3
54. Qxf3 gxf3 55. Kg3 fxg2 56. Kxg2 Bd2 57. Kf3 Kg7 58. Kg4 Kh6 59. Kg3 Kh5 60.
Kh3 Be2 61. Kg3 Bg4 0-1

[Event "Montreal CC-ch"]
[Site "Montreal CAN"]
[Date "2016.06.11"]
[Round "2.8"]
[White "Ouellet, Maili-Jade"]
[Black "Gauthier, Luc"]
[Result "1/2-1/2"]
[WhiteElo "1973"]
[BlackElo "1746"]
[PlyCount "97"]
[EventDate "2016.06.10"]
[EventType "swiss"]
[EventRounds "5"]
[EventCountry "CAN"]

1. d4 d5 2. c4 Nc6 3. e3 e5 4. Nc3 Bb4 5. a3 Bxc3+ 6. bxc3 Nf6 7. cxd5 Nxd5 8.
Bb2 exd4 9. cxd4 O-O 10. Bd3 Nce7 11. Qc2 h6 12. Ne2 c6 13. O-O b5 14. e4 Nf6
15. h3 Be6 16. f4 Qb6 17. a4 bxa4 18. Ba3 Bb3 19. Qc3 Rfe8 20. Bc5 Qc7 21. Nc1
Ng6 22. Nxb3 axb3 23. f5 Nf8 24. e5 Nd5 25. Qxb3 Nd7 26. Bd6 Qb6 27. Qxb6 axb6
28. Rxa8 Rxa8 29. Rc1 Ra4 30. Rxc6 Rxd4 31. Bb5 Rd1+ 32. Kh2 Nc5 33. Bxc5 bxc5
34. Rc8+ Kh7 35. Rxc5 Ne3 36. e6 fxe6 37. fxe6 Nd5 38. Bc4 Nf6 39. Re5 Rd4 40.
Bb5 Rd5 41. Rxd5 Nxd5 42. Bc4 Ne7 43. Kg3 Kg6 44. Kf4 Kf6 45. Ke4 g5 46. Bd5 h5
47. Kd4 h4 48. Ke4 Ng6 49. Kf3 1/2-1/2

[Event "Montreal CC-ch"]
[Site "Montreal CAN"]
[Date "2016.06.11"]
[Round "2.10"]
[White "Barko, Maxim"]
[Black "Lamoureux, Yvon"]
[Result "1-0"]
[WhiteElo "1948"]
[BlackElo "1716"]
[PlyCount "63"]
[EventDate "2016.06.10"]
[EventType "swiss"]
[EventRounds "5"]
[EventCountry "CAN"]

1. d4 Nf6 2. c4 c5 3. d5 e6 4. Nc3 exd5 5. cxd5 d6 6. e4 g6 7. f4 Bg7 8. Nf3
Bg4 9. Be2 O-O 10. O-O Re8 11. Nd2 Bxe2 12. Qxe2 a6 13. a4 Nbd7 14. Nc4 Nb6 15.
Nxb6 Qxb6 16. a5 Qc7 17. Qf3 Nd7 18. e5 dxe5 19. f5 Nf6 20. Qh3 Rad8 21. Bg5
Rd6 22. Bxf6 Rxf6 23. Ne4 Rxf5 24. Rxf5 gxf5 25. Qxf5 Rd8 26. d6 Qd7 27. Qg5
Kh8 28. Rd1 h6 29. Qe7 Kh7 30. Qxd7 Rxd7 31. Nxc5 Rd8 32. d7 1-0

[Event "Montreal CC-ch"]
[Site "Montreal CAN"]
[Date "2016.06.11"]
[Round "2.11"]
[White "Vignalou, Joseph"]
[Black "Kozlov, Guennadi"]
[Result "0-1"]
[WhiteElo "1924"]
[BlackElo "1706"]
[PlyCount "62"]
[EventDate "2016.06.10"]
[EventType "swiss"]
[EventRounds "5"]
[EventCountry "CAN"]

1. e4 e6 2. d4 d5 3. e5 c5 4. f4 cxd4 5. a3 Nh6 6. Bd3 Nc6 7. Nf3 Be7 8. O-O
Qb6 9. h3 Nf5 10. Bxf5 exf5 11. Qd3 Be6 12. b4 O-O-O 13. Nbd2 h6 14. Bb2 Kb8
15. Nb3 g5 16. b5 Na5 17. Bxd4 Qc7 18. b6 axb6 19. Nxa5 bxa5 20. Qb5 Bd7 21.
Qb2 Rhg8 22. Rab1 Bc5 23. Kh1 Bxd4 24. Qxd4 g4 25. Nd2 gxh3 26. gxh3 Rc8 27.
Rb2 Qc3 28. Qxc3 Rxc3 29. Rf3 d4 30. Kh2 Bc6 31. Rd3 Rg2+ 0-1

[Event "Montreal CC-ch"]
[Site "Montreal CAN"]
[Date "2016.06.11"]
[Round "2.13"]
[White "Yu, Zong Yang"]
[Black "Millette, Sylvain"]
[Result "1-0"]
[WhiteElo "2422"]
[BlackElo "1699"]
[PlyCount "51"]
[EventDate "2016.06.10"]
[EventType "swiss"]
[EventRounds "5"]
[EventCountry "CAN"]

1. d4 Nf6 2. c4 g6 3. Nc3 d5 4. cxd5 Nxd5 5. e4 Nxc3 6. bxc3 c5 7. Nf3 Bg7 8.
Be3 O-O 9. Qd2 Qa5 10. Rc1 Nc6 11. d5 Ne5 12. Nxe5 Bxe5 13. Be2 Bg7 14. Bh6
Bxh6 15. Qxh6 Qxa2 16. h4 f6 17. Qe3 Qa5 18. f4 f5 19. h5 Qb6 20. e5 a5 21. Qg3
a4 22. Bc4 Kg7 23. d6 Qc6 24. hxg6 Qe4+ 25. Be2 h6 26. Qh4 1-0

[Event "Montreal CC-ch"]
[Site "Montreal CAN"]
[Date "2016.06.11"]
[Round "3.2"]
[White "Leveille, Francois"]
[Black "Barko, Maxim"]
[Result "1-0"]
[WhiteElo "2351"]
[BlackElo "1948"]
[PlyCount "71"]
[EventDate "2016.06.10"]
[EventType "swiss"]
[EventRounds "5"]
[EventCountry "CAN"]

1. e4 c5 2. Nf3 Nc6 3. d4 cxd4 4. Nxd4 Nf6 5. Nc3 e5 6. Ndb5 d6 7. Bg5 a6 8.
Na3 b5 9. Bxf6 gxf6 10. Nd5 f5 11. g3 Bg7 12. Bg2 fxe4 13. Bxe4 Be6 14. Qh5 Rc8
15. c3 Ne7 16. Rd1 Rc5 17. Nb4 Qb6 18. Qg5 Kf8 19. Qe3 f5 20. Bg2 e4 21. O-O a5
22. Nbc2 b4 23. Nd4 Bxa2 24. cxb4 axb4 25. Nac2 Bc4 26. Rfe1 b3 27. Na3 Bf7 28.
g4 Nd5 29. Qd2 Rg8 30. Nxf5 Be5 31. Rxe4 Rg6 32. h3 h5 33. gxh5 Rg8 34. Qh6+
Bg7 35. Nxg7 Rxg7 36. Rg4 1-0

[Event "Montreal CC-ch"]
[Site "Montreal CAN"]
[Date "2016.06.11"]
[Round "3.3"]
[White "Kozlov, Guennadi"]
[Black "Jacquet, Stephane"]
[Result "0-1"]
[WhiteElo "1706"]
[BlackElo "2054"]
[PlyCount "64"]
[EventDate "2016.06.10"]
[EventType "swiss"]
[EventRounds "5"]
[EventCountry "CAN"]

1. e4 d6 2. d4 Nf6 3. Bd3 e5 4. Ne2 Nc6 5. c3 g6 6. O-O Bg7 7. Bg5 h6 8. Be3
Ng4 9. Bd2 Qh4 10. h3 Nf6 11. d5 Ne7 12. f4 Bxh3 13. Be1 Qg4 14. Bg3 Nh5 15.
gxh3 Qxh3 16. Rf3 Qg4 17. Kf2 f5 18. Nd2 O-O 19. Qh1 fxe4 20. Bxe4 exf4 21. Bh4
Nf5 22. Rg1 Qxh4+ 23. Qxh4 Nxh4 24. Rh3 g5 25. Nd4 Bxd4+ 26. cxd4 Ng3 27. Bd3
Rae8 28. Bb5 c6 29. dxc6 bxc6 30. Bc4+ d5 31. Bd3 Re3 32. Rgxg3 Rxg3 0-1

[Event "Montreal CC-ch"]
[Site "Montreal CAN"]
[Date "2016.06.11"]
[Round "3.4"]
[White "Gauthier, Denis"]
[Black "Nesterov, Timour"]
[Result "1-0"]
[WhiteElo "1982"]
[BlackElo "1688"]
[PlyCount "121"]
[EventDate "2016.06.10"]
[EventType "swiss"]
[EventRounds "5"]
[EventCountry "CAN"]

1. d4 d5 2. c4 c6 3. Nf3 Nf6 4. e3 Nbd7 5. b3 e6 6. Bb2 Bd6 7. Nbd2 O-O 8. Bd3
Re8 9. Ne5 Nf8 10. O-O N6d7 11. f4 f6 12. Nef3 e5 13. dxe5 fxe5 14. fxe5 Nxe5
15. Nxe5 Bxe5 16. Bxe5 Rxe5 17. Qf3 Qe7 18. cxd5 cxd5 19. Qxf8+ Qxf8 20. Bxh7+
Kxh7 21. Rxf8 b6 22. Kf2 Bb7 23. Rxa8 Bxa8 24. Nf3 Re7 25. Rc1 Kg6 26. Nd4 Kf6
27. Rc8 Bb7 28. Rc3 Rf7 29. Kg3 Re7 30. b4 Rf7 31. a3 Ke5 32. Nf3+ Kd6 33. h4
Ba6 34. Nd4 Bc4 35. Rc2 g6 36. Rf2 Rxf2 37. Kxf2 a5 38. Kf3 axb4 39. axb4 Ke5
40. g4 Bd3 41. Nc6+ Kd6 42. Nd4 Ke5 43. Nb3 Bc2 44. Nd4 Bd1+ 45. Ne2 Bc2 46. h5
gxh5 47. gxh5 Be4+ 48. Kg3 Bh7 49. Kf3 Be4+ 50. Kg4 Bc2 51. h6 Bh7 52. Kf3 Be4+
53. Kf2 Bh7 54. Nd4 Kf6 55. Kf3 Kg6 56. Kf4 Kxh6 57. Ke5 Bg8 58. Kd6 Kg6 59.
Kc6 Kf6 60. Kxb6 Ke5 61. Kc5 1-0

[Event "Montreal CC-ch"]
[Site "Montreal CAN"]
[Date "2016.06.11"]
[Round "3.5"]
[White "Gauthier, Luc"]
[Black "Yu, Zong Yang"]
[Result "1-0"]
[WhiteElo "1746"]
[BlackElo "2422"]
[PlyCount "85"]
[EventDate "2016.06.10"]
[EventType "swiss"]
[EventRounds "5"]
[EventCountry "CAN"]

1. e4 c5 2. Nc3 a6 3. g3 b5 4. Bg2 Bb7 5. d3 g6 6. f4 Bg7 7. Nf3 d6 8. O-O e6
9. Qe2 b4 10. Nd1 Nc6 11. c3 Nge7 12. Be3 a5 13. c4 O-O 14. g4 f5 15. Ng5 Qd7
16. gxf5 exf5 17. exf5 Nd4 18. Bxd4 Bxd4+ 19. Kh1 Nxf5 20. Qe6+ Qxe6 21. Nxe6
Bxg2+ 22. Kxg2 Rf7 23. Nxd4 cxd4 24. Re1 Raf8 25. Re4 Rd7 26. Rc1 Rc8 27. Kf3
a4 28. Nf2 d5 29. Re5 dxc4 30. Rxc4 Rxc4 31. dxc4 d3 32. Rd5 Rxd5 33. cxd5 d2
34. Ke2 Kf7 35. Kxd2 Ne7 36. d6 Nd5 37. Ne4 Ke6 38. Kd3 Nxf4+ 39. Kd4 h6 40.
Kc4 Nd5 41. Kc5 a3 42. bxa3 bxa3 43. d7 1-0

[Event "Montreal CC-ch"]
[Site "Montreal CAN"]
[Date "2016.06.11"]
[Round "3.7"]
[White "Boudreau, Daniel"]
[Black "Struben, Jeroen"]
[Result "1-0"]
[WhiteElo "2138"]
[BlackElo "1796"]
[PlyCount "61"]
[EventDate "2016.06.10"]
[EventType "swiss"]
[EventRounds "5"]
[EventCountry "CAN"]

1. e4 d6 2. d4 Nf6 3. Nc3 g6 4. Bg5 Bg7 5. Qd2 h6 6. Bh4 g5 7. Bg3 Nh5 8. O-O-O
Nc6 9. Bb5 Bd7 10. Nge2 a6 11. Bxc6 bxc6 12. f4 Bg4 13. fxg5 Nxg3 14. hxg3 e5
15. d5 c5 16. Rdf1 Qxg5 17. Qxg5 hxg5 18. Rxh8+ Bxh8 19. Kd2 Ke7 20. Nd1 Rb8
21. b3 c4 22. Ne3 Bxe2 23. Kxe2 cxb3 24. axb3 Rb4 25. Nf5+ Kd7 26. Ke3 Rb6 27.
Nh6 f6 28. Nf5 Rb8 29. Rh1 Rg8 30. Rh7+ Kd8 31. Nh6 1-0

[Event "Montreal CC-ch"]
[Site "Montreal CAN"]
[Date "2016.06.11"]
[Round "3.8"]
[White "Nica, Ion"]
[Black "Gelet, Seymour"]
[Result "0-1"]
[WhiteElo "1746"]
[BlackElo "2110"]
[PlyCount "102"]
[EventDate "2016.06.10"]
[EventType "swiss"]
[EventRounds "5"]
[EventCountry "CAN"]

1. d4 d5 2. e4 dxe4 3. Nc3 f5 4. f3 exf3 5. Qxf3 e6 6. Bd3 Nf6 7. Nge2 Be7 8.
Bc4 Nc6 9. Be3 Nb4 10. O-O-O c6 11. Nf4 Nbd5 12. Bd2 O-O 13. Rhe1 Qd6 14. Bd3
Bd7 15. a3 Rae8 16. Ncxd5 cxd5 17. Bxf5 exf5 18. Bb4 Qc6 19. Rxe7 Rxe7 20. Bxe7
Rc8 21. Qb3 Ne4 22. Qxd5+ Qxd5 23. Nxd5 Ba4 24. Bc5 Kf7 25. b3 b6 26. Bxb6 Bxb3
27. Kb2 Bxd5 28. Bxa7 Rc7 29. Bc5 Nxc5 30. dxc5 Rxc5 31. g3 Be4 32. c3 Rb5+ 33.
Ka2 Bd5+ 34. Ka1 Be6 35. Rb1 Rxb1+ 36. Kxb1 Bc4 37. a4 g5 38. Kc2 Ke6 39. Kd2
Ke5 40. Ke3 f4+ 41. gxf4+ gxf4+ 42. Kf3 Bd5+ 43. Kf2 Ke4 44. Ke2 Bc4+ 45. Kf2
f3 46. a5 Kf4 47. h3 h5 48. h4 Ke4 49. Kg3 Ke3 50. a6 Bxa6 51. Kh2 f2 0-1

[Event "Montreal CC-ch"]
[Site "Montreal CAN"]
[Date "2016.06.11"]
[Round "3.10"]
[White "Johnson-Constantin, Matthieu"]
[Black "Lessard, Sylvain"]
[Result "1/2-1/2"]
[WhiteElo "2006"]
[BlackElo "1733"]
[PlyCount "40"]
[EventDate "2016.06.10"]
[EventType "swiss"]
[EventRounds "5"]
[EventCountry "CAN"]

1. e4 Nf6 2. e5 Nd5 3. d4 d6 4. Nf3 g6 5. c4 Nb6 6. Nc3 Bg7 7. Bf4 Bg4 8. Be2
Nc6 9. O-O O-O 10. Re1 Qd7 11. c5 Nc8 12. d5 Bxf3 13. dxc6 Bxc6 14. Bg4 Qd8 15.
cxd6 exd6 16. Bxc8 Qxc8 17. exd6 Qf5 18. Bg3 cxd6 19. Qxd6 Rad8 20. Qf4 Qxf4
1/2-1/2

[Event "Montreal CC-ch"]
[Site "Montreal CAN"]
[Date "2016.06.11"]
[Round "3.15"]
[White "Houde-Billette, Felix"]
[Black "Morin, Louis"]
[Result "0-1"]
[WhiteElo "1446"]
[BlackElo "1872"]
[PlyCount "44"]
[EventDate "2016.06.10"]
[EventType "swiss"]
[EventRounds "5"]
[EventCountry "CAN"]

1. e4 e5 2. Nf3 d6 3. c4 f5 4. Nc3 Nf6 5. d3 c6 6. Be2 Be7 7. Qb3 Nbd7 8. exf5
Nc5 9. Qc2 Bxf5 10. Bg5 O-O 11. Bxf6 Bxf6 12. b4 Nxd3+ 13. Bxd3 e4 14. O-O exd3
15. Qb3 Qd7 16. Rad1 Qf7 17. Nb1 Be6 18. Nbd2 b5 19. Qxd3 bxc4 20. Qxd6 Bd5 21.
Rfe1 Rae8 22. Ne5 Bxe5 0-1

[Event "Montreal CC-ch"]
[Site "Montreal CAN"]
[Date "2016.06.11"]
[Round "3.21"]
[White "Millette, Sylvain"]
[Black "Democri, Radin"]
[Result "1-0"]
[WhiteElo "1699"]
[BlackElo "1416"]
[PlyCount "57"]
[EventDate "2016.06.10"]
[EventType "swiss"]
[EventRounds "5"]
[EventCountry "CAN"]

1. e4 c6 2. Nf3 d6 3. g3 e5 4. Bg2 f5 5. exf5 Bxf5 6. Nh4 Be6 7. d3 Be7 8. Qh5+
Bf7 9. Qg4 Qd7 10. Nf5 g6 11. Ng7+ Kf8 12. Qxd7 Nxd7 13. Bh3 Nc5 14. b4 Nxd3+
15. cxd3 Kxg7 16. Bb2 Bf6 17. Nd2 Bd5 18. O-O Ne7 19. f4 Rhf8 20. fxe5 dxe5 21.
a3 Kg8 22. Nc4 b5 23. Ne3 Bg5 24. Nxd5 cxd5 25. Bxe5 Be3+ 26. Kg2 d4 27. Be6+
Rf7 28. Bxf7+ Kf8 29. Bd5+ 1-0

[Event "Montreal CC-ch"]
[Site "Montreal CAN"]
[Date "2016.06.12"]
[Round "4.2"]
[White "Jacquet, Stephane"]
[Black "Leveille, Francois"]
[Result "1/2-1/2"]
[WhiteElo "2054"]
[BlackElo "2351"]
[PlyCount "73"]
[EventDate "2016.06.10"]
[EventType "swiss"]
[EventRounds "5"]
[EventCountry "CAN"]

1. d4 Nf6 2. c4 g6 3. Nc3 Bg7 4. e4 d6 5. Nf3 O-O 6. Be2 e5 7. O-O Nc6 8. d5
Ne7 9. Ne1 Nd7 10. Be3 f5 11. f3 f4 12. Bf2 g5 13. Nd3 Ng6 14. Rc1 Nf6 15. c5
Rf7 16. Qb3 Bf8 17. cxd6 cxd6 18. Nb5 g4 19. Nxa7 Bd7 20. Qxb7 Rg7 21. Bb6 Qe8
22. Nc6 Nh4 23. Ne1 Rxa2 24. Bd8 Bxc6 25. dxc6 Rxb7 26. Bxf6 d5 27. cxb7 Rxb2
28. Rc8 Qf7 29. Bxh4 Qxb7 30. Rc2 Rxc2 31. Nxc2 Bc5+ 32. Bf2 Qb6 33. Ne1 g3 34.
Bxc5 Qxc5+ 35. Kh1 Qe3 36. Bd3 d4 37. h3 1/2-1/2